Santa Clause, The (Record no. 16756)

MARC details
000 -LEADER
fixed length control field 01867nam a22003617a 4500
003 - CONTROL NUMBER IDENTIFIER
control field dpl
005 - DATE AND TIME OF LATEST TRANSACTION
control field 20080911114410.0
008 - FIXED-LENGTH DATA ELEMENTS--GENERAL INFORMATION
fixed length control field 080911t xxu||||| |||| 00| 0 eng d
010 ## - LIBRARY OF CONGRESS CONTROL NUMBER
LC control number DVD-000951-953
024 ## - OTHER STANDARD IDENTIFIER
Source of number or code 00XM8
Terms of availability 499.00
035 ## - SYSTEM CONTROL NUMBER
System control number DVD-000951-953
040 ## - CATALOGING SOURCE
Original cataloging agency DPL
Transcribing agency DPL
082 ## - DEWEY DECIMAL CLASSIFICATION NUMBER
Classification number DVD / SANT
245 ## - TITLE STATEMENT
Title Santa Clause, The
Statement of responsibility, etc Walt Disney Pictures Presents
Medium [videorecording] (DVD)/
Remainder of title The Escape Clause
260 ## - PUBLICATION, DISTRIBUTION, ETC. (IMPRINT)
Place of publication, distribution, etc Burbank, CA
Name of publisher, distributor, etc Walt Disney Pictures in Association With Hollywood Pictures
300 ## - PHYSICAL DESCRIPTION
Extent 1 videodiscs (99 min.):
Other physical details sd., col.;
Dimensions 4 3/4 in.
Type of unit DVD
440 ## - SERIES STATEMENT/ADDED ENTRY--TITLE
Title Walt Disney Home Entertainment
500 ## - GENERAL NOTE
General note Sole Distributor in India M/s Excel Productions Audio Visuals Pvt. Ltd.
538 ## - SYSTEM DETAILS NOTE
System details note Dolby Digital 5.1-English, Subtitles-English, Thai, Bahasa, Korean, Mandarin, Cantonese
538 ## - SYSTEM DETAILS NOTE
System details note Aspect Ratio:1.85.1, Presentation Type: Wide Screne, Presentation Size 16x9, Formaton: DVD 9- Dual Layer Single sided Disc,
650 ## - SUBJECT ADDED ENTRY--TOPICAL TERM
Source of heading or term Motion Pictures
700 ## - ADDED ENTRY--PERSONAL NAME
Personal name Allen, Tim
700 ## - ADDED ENTRY--PERSONAL NAME
Personal name Reinhold, Judge
700 ## - ADDED ENTRY--PERSONAL NAME
Personal name Wendy Crewson
700 ## - ADDED ENTRY--PERSONAL NAME
Personal name Boyle, Peter
700 ## - ADDED ENTRY--PERSONAL NAME
Personal name Convertino, Michael
700 ## - ADDED ENTRY--PERSONAL NAME
Personal name Bock, Larry
942 ## - ADDED ENTRY ELEMENTS (KOHA)
Source of classification or shelving scheme Dewey Decimal Classification
Koha item type CD-ROMs, DVDs, VHS
Classification part DVD
Call number suffix SANT
Holdings
Withdrawn status Lost status Source of classification or shelving scheme Damaged status Not for loan Home library Current library Date acquired Source of acquisition Cost, normal purchase price Total Checkouts Full call number Barcode Date last seen Date checked out Copy number Cost, replacement price Price effective from Koha item type
    Dewey Decimal Classification     Central Library Central Library 15/10/2008 Purchase 499.00 8 DVD SANT DVD-000951 19/08/2013 03/08/2013 1 499.00 15/10/2008 CD-ROMs, DVDs, VHS
    Dewey Decimal Classification     Patel Nagar Patel Nagar 15/10/2008 Purchase 499.00 11 DVD SANT DVD-000953 10/05/2013 25/04/2013 1 499.00 15/10/2008 CD-ROMs, DVDs, VHS
    Dewey Decimal Classification     Sarojini Nagar Sarojini Nagar 15/10/2008 Purchase 499.00 15 DVD SANT DVD-000952 25/06/2016 11/06/2016 1 499.00 15/10/2008 CD-ROMs, DVDs, VHS

© Delhi Public Library
Hit Counter
free hit counter